000 nam a22 7a 4500
999 _c9421
_d9421
008 180129b ||||| |||| 00| 0 eng d
100 _aShiv Das & Sons
_95638
245 _aScience : Question papers - XII with their answers
260 _aNew Delhi
_bShiv Das and sons Publication
_c2007